| 000 | 00968nam a22003137a 4500 | ||
|---|---|---|---|
| 001 | 0000536 | ||
| 003 | KOHA_MİRAKIL | ||
| 005 | 20260207001213.0 | ||
| 007 | ta | ||
| 008 | 081212b2003 tu |||gr||||#0|||0|tur | | ||
| 020 |
_a9756392037 _cYTL39,69 |
||
| 040 |
_aTR-BiSEU _btur _cTR-BiSEU _erda |
||
| 041 | 0 | _atur | |
| 044 | _ctu | ||
| 050 |
_aQA76.73.C15 _bK37 2003 |
||
| 100 | 1 | _aKaragülle, İhsan. | |
| 245 | 1 |
_aC++ Builder ile internet programcılığı/ _cİhsan Karagülle ; İhsan Karagülle. |
|
| 264 | 1 |
_aİstanbul : _bTürkmen Kitabevi _c2003 |
|
| 300 | _a654 sayfa | ||
| 336 |
_ametin _btxt _2rdacontent |
||
| 337 |
_aaracısız _bn _2rdamedia |
||
| 338 |
_acilt _bnc _2rdacarrier |
||
| 490 | 1 |
_aYayın No:239 ; _vBilgisayar Dizisi:118. |
|
| 650 | 0 |
_aC++ (Bilgisayar program dili). _92761 |
|
| 650 | 0 |
_aC++ (Computer program language). _91542 |
|
| 830 | 1 |
_aYayın No:239 ; _vBilgisayar Dizisi:118. _92767 |
|
| 907 | _aBilgisayar | ||
| 942 |
_2lcc _cBK |
||
| 999 |
_c537 _d537 |
||